[Event "Hamburg-ch int"]
[Site "Hamburg"]
[Date "2004.05.31"]
[Round "4"]
[White "Lindinger, Markus"]
[Black "Guzmann, Enrique"]
[Result "1-0"]
[WhiteElo "2339"]
[BlackElo "2230"]
[PlyCount "65"]
[EventDate "2004.05.29"]
[EventType "swiss"]
[EventRounds "9"]
[EventCountry "GER"]
[SourceTitle "CBM 100 Extra"]
[Source "ChessBase"]
[SourceDate "2004.07.06"]
[SourceVersion "2"]
[SourceVersionDate "2004.07.06"]
[SourceQuality "1"]

1. d4 c5 2. e4 cxd4 3. Nf3 d6 4. Nxd4 Nf6 5. Nc3 g6 6. Bc4 Bg7 7. h3 0-0 8. Be3 a6 9. 0-0 b5 10. Bb3 Bb7 11. Re1 Nfd7 12. Bg5 h6 13. Bh4 Nc6 14. Nxc6 Bxc6 15. Rb1 Rc8 16. Nd5 Bxd5 17. exd5 g5 18. Bg3 Nc5 19. c3 Nxb3 20. axb3 Re8 21. Qd3 Qd7 22. b4 Rc7 23. Ra1 Ra7 24. h4 gxh4 25. Bxh4 e5 26. dxe6 fxe6 27. f4 Qc6 28. Qg6 Kh8 29. Rxe6 Rg8 30. Qe4 Qd7 31. Re7 Qg4 32. Rxa7 Qxh4 33. Ra8 1-0

[Event "Hamburg-ch int"]
[Site "Hamburg"]
[Date "2004.05.29"]
[Round "1"]
[White "Guzmann, Enrique"]
[Black "Kopylov, Michael"]
[Result "0-1"]
[WhiteElo "2230"]
[BlackElo "2433"]
[PlyCount "82"]
[EventDate "2004.05.29"]
[EventType "swiss"]
[EventRounds "9"]
[EventCountry "GER"]
[SourceTitle "CBM 100 Extra"]
[Source "ChessBase"]
[SourceDate "2004.07.06"]
[SourceVersion "2"]
[SourceVersionDate "2004.07.06"]
[SourceQuality "1"]

1. Nf3 Nf6 2. d4 c5 3. e3 g6 4. Be2 Bg7 5. 0-0 0-0 6. c4 cxd4 7. exd4 d5 8. c5 Nc6 9. h3 Ne4 10. Bb5 Qa5 11. Bxc6 bxc6 12. Re1 Rb8 13. Nbd2 f5 14. Qc2 Rb4 15. Nb3 Qb5 16. Bd2 Ra4 17. Bc3 f4 18. Qe2 Qxe2 19. Rxe2 Ba6 20. Ree1 Rb8 21. Nfd2 Nxc3 22. bxc3 Kf7 23. Reb1 Bd3 24. Re1 Ra3 25. Nf3 Bc4 26. Reb1 Bf6 27. Nfd2 Bd3 28. Re1 a5 29. Nf3 Bc4 30. Nbd2 Rxc3 31. Ne5+ Bxe5 32. Rxe5 Bd3 33. Rae1 Rb7 34. Nf3 h6 35. Re6 Rc7 36. Ne5+ Kxe6 37. Nxd3+ Kf7 38. Nxf4 Rc4 39. g4 Rc8 40. Nd3 Rxd4 41. Ne5+ Kg7 0-1